• 首页
  • 本馆介绍
  • 公告通知
  • 最新文献
  • 馆藏检索
  • 电子资源
  • 读者导购
  • 参考咨询
  • 我的图书馆
  • 登录
  • 详细信息显示
  • 放入我的书架
  • 预约/预借图书
  • 作者相关作品
  • 分类相关作品
  • 丛书相关作品
  • 出版社相关作品

书目信息

  • 表格格式
  • 工作单格式
  • 卡片格式
题名:
植物检疫手册
    
 
作者: 刘元明 主编
分册:  
出版信息: 武汉   湖北科学技术出版社  2000.06
页数: 411页
开本: 19cm
丛书名:
单 册:
中图分类: S41-62
科图分类:
主题词: 植物检疫--手册
电子资源:
ISBN: 7-5352-2346-X
000 00622nam0 2200217 45
001 012004011020
005 20040718164222.0
010    @a7-5352-2346-X@dCNY25.00
100    @a20041024d2000 ekmy0chiy50 ea
101 0  @achi
102    @aCN@b420000
105    @af z 000yy
200 1  @a植物检疫手册@Azhi wu jian yi shou ce@f刘元明主编@Fliu yuan ming zhu bian
210    @a武汉@c湖北科学技术出版社@d2000.06
215    @a411页@c图@d19cm
606 0  @a植物检疫@j手册
690    @aS41-62@v4
701  0 @a刘元明@Aliu yuan ming@4主编
801  0 @aCN@bBZT@c20041024
905    @aBZT@dS41-62@e1@f10
906    @dCNY25.00@n0@r1
    
    植物检疫手册/刘元明主编.-武汉:湖北科学技术出版社,2000.06
    411页:图;19cm
    
    
    ISBN 7-5352-2346-X:CNY25.00
    
●
相关链接 在五车中查询图书 在当当中查询图书 在豆瓣中查询图书


正题名:植物检疫手册     索取号:S41-62/1         预约/预借

序号 登录号 条形码 馆藏地/架位号 状态 备注
1 2001741531   2001741531   样本书库/样004架A面5层2列/ [索取号:S41-62/1] 在馆    
山东省滨州职业学院图书馆 欢迎您!
大连网信软件有限公司© 版权所有